| 000 | 00447nam a22001697a 4500 | ||
|---|---|---|---|
| 999 |
_c18957 _d18957 |
||
| 008 | 210608b xxu||||| |||| 00| 0 eng d | ||
| 020 | _a1119658597 | ||
| 050 |
_aHG4534 _b.K73 2020 c.1 |
||
| 100 | _aKrantz, Matt | ||
| 245 |
_aInvestment Banking _bfor dummies _cMatt Krantz |
||
| 250 | _a2nd ed. | ||
| 260 |
_aHoboken _bJohn Wiley _c2020 |
||
| 300 | _a378p. | ||
| 650 | _aInvestment banking | ||
| 700 | _aJohnson, Robert R. | ||
| 942 |
_2lcc _cBK |
||